000 01143nam0a2200313 4500
001 RU\NLR\BIBL_A\011188359
005 20250625214126.0
010 _a978-5-699-86613-7
_95000
021 _aRU
_b2016-56671
_93597
035 _a(NILC)RuMoRGB-008552317
035 _a(NLR Aleph) 011188359
090 _a11854505
_c11854505
100 _a20160804d2016 |||y0rusy50 ca
101 1 _arus
_ceng
102 _aRU
105 _aac z 000ya
200 1 _aЯ счастливый
_fДжеки Чан, Чжу Мо
_g[пер. с англ. Чэнь Вэйи, Александра Кислова]
210 _aМосква
_cЭксмо
_d2016
215 _a345, [2] с.
_cил., цв. ил., портр.
_d27
333 _a12+
600 1 _aЧан
_bД.
_f1954
_gДжеки
_92106633
_3RU\NLR\AUTH\661273513
686 1 _aЩ374.3(5Кит)6-86Чан
700 1 _7ca
_8rus
_aЧан
_bД.
_f1954-
_gДжеки
_9267143
_3RU\NLR\AUTH\770267199
701 0 _7ca
_8rus
_aМо Чжу
_f1983-
_9267146
_3RU\NLR\AUTH\770267202
801 0 _aRU
_bРГБ
_c20160718
_gRCR
942 _cBOOK
980 _aNB